<?xml version="1.0" encoding="UTF-8"?>
<collection xmlns="http://www.loc.gov/MARC21/slim">
<record>
  <controlfield tag="001">112006</controlfield>
  <controlfield tag="005">20230519145533.0</controlfield>
  <datafield tag="024" ind1="7" ind2=" ">
    <subfield code="2">doi</subfield>
    <subfield code="a">10.3989/aem.2021.51.1.02</subfield>
  </datafield>
  <datafield tag="024" ind1="8" ind2=" ">
    <subfield code="2">sideral</subfield>
    <subfield code="a">127892</subfield>
  </datafield>
  <datafield tag="037" ind1=" " ind2=" ">
    <subfield code="a">ART-2021-127892</subfield>
  </datafield>
  <datafield tag="041" ind1=" " ind2=" ">
    <subfield code="a">spa</subfield>
  </datafield>
  <datafield tag="100" ind1=" " ind2=" ">
    <subfield code="a">Ares Legaspi, Adrián</subfield>
    <subfield code="u">Universidad de Zaragoza</subfield>
    <subfield code="0">(orcid)0000-0003-0241-4883</subfield>
  </datafield>
  <datafield tag="245" ind1=" " ind2=" ">
    <subfield code="a">La escritura mixta francesa en Santiago de Compostela: evolución, usos y características</subfield>
  </datafield>
  <datafield tag="260" ind1=" " ind2=" ">
    <subfield code="c">2021</subfield>
  </datafield>
  <datafield tag="506" ind1="0" ind2=" ">
    <subfield code="a">Access copy available to the general public</subfield>
    <subfield code="f">Unrestricted</subfield>
  </datafield>
  <datafield tag="520" ind1="3" ind2=" ">
    <subfield code="a">"Mixte”  was  a  script  that  originated  in  France  at  the  beginning  of  the  14th  century,  and which  was  widespread  throughout  medieval  Europe.  However,  in  the  history  of  the  Kingdom  of Castile,  palaeographers  have  addressed  the  question  of mixte  script  within  general  studies  on  the medieval writing system, but not in specific studies on this script. Therefore, this study analyses the life of mixte script in the diocese of Santiago de Compostela, covering its history during almost two centuries, its role and the reason for its use in documents, administrative books and diplomatic codices and the formal features of this script, as well as its historical evolution.   La mixta fue una escritura surgida en Francia a principios del siglo XIV y que tuvo una gran difusión a lo largo del territorio europeo. No obstante, los trabajos sobre paleografía en la Co-rona  de  Castilla  no  han  abordado  la  cuestión  de  manera  particular,  sino  dentro  de  aproximaciones generales al ciclo gráfico medieval. Realizamos aquí, pues, un estudio específico de la mixta en la diócesis compostelana, abarcando los casi doscientos años que se mantuvo en uso, la función con que se empleó en documentos, libros administrativos y códices diplomáticos y los elementos formales que la caracterizan, así como su evolución en el plano temporal.</subfield>
  </datafield>
  <datafield tag="540" ind1=" " ind2=" ">
    <subfield code="9">info:eu-repo/semantics/openAccess</subfield>
    <subfield code="a">by</subfield>
    <subfield code="u">http://creativecommons.org/licenses/by/3.0/es/</subfield>
  </datafield>
  <datafield tag="592" ind1=" " ind2=" ">
    <subfield code="a">0.194</subfield>
    <subfield code="b">2021</subfield>
  </datafield>
  <datafield tag="593" ind1=" " ind2=" ">
    <subfield code="a">History</subfield>
    <subfield code="c">2021</subfield>
    <subfield code="d">Q2</subfield>
  </datafield>
  <datafield tag="655" ind1=" " ind2="4">
    <subfield code="a">info:eu-repo/semantics/article</subfield>
    <subfield code="v">info:eu-repo/semantics/publishedVersion</subfield>
  </datafield>
  <datafield tag="710" ind1="2" ind2=" ">
    <subfield code="1">3012</subfield>
    <subfield code="2">085</subfield>
    <subfield code="a">Universidad de Zaragoza</subfield>
    <subfield code="b">Dpto. Historia</subfield>
    <subfield code="c">Área Ciencias Técnicas Histor.</subfield>
  </datafield>
  <datafield tag="773" ind1=" " ind2=" ">
    <subfield code="g">51, 2 (2021), 533-562</subfield>
    <subfield code="p">Anu. estud. mediev.</subfield>
    <subfield code="t">Anuario de Estudios Medievales</subfield>
    <subfield code="x">0066-5061</subfield>
  </datafield>
  <datafield tag="856" ind1="4" ind2=" ">
    <subfield code="s">1236993</subfield>
    <subfield code="u">http://zaguan.unizar.es/record/112006/files/texto_completo.pdf</subfield>
    <subfield code="y">Versión publicada</subfield>
  </datafield>
  <datafield tag="856" ind1="4" ind2=" ">
    <subfield code="s">1428549</subfield>
    <subfield code="u">http://zaguan.unizar.es/record/112006/files/texto_completo.jpg?subformat=icon</subfield>
    <subfield code="x">icon</subfield>
    <subfield code="y">Versión publicada</subfield>
  </datafield>
  <datafield tag="856" ind1="4" ind2="1">
    <subfield code="u">https://estudiosmedievales.revistas.csic.es/index.php/estudiosmedievales/article/view/1259/1251</subfield>
    <subfield code="z">Texto completo de la revista</subfield>
  </datafield>
  <datafield tag="909" ind1="C" ind2="O">
    <subfield code="o">oai:zaguan.unizar.es:112006</subfield>
    <subfield code="p">articulos</subfield>
    <subfield code="p">driver</subfield>
  </datafield>
  <datafield tag="951" ind1=" " ind2=" ">
    <subfield code="a">2023-05-18-15:32:37</subfield>
  </datafield>
  <datafield tag="980" ind1=" " ind2=" ">
    <subfield code="a">ARTICLE</subfield>
  </datafield>
</record>
</collection>